Statistics for Movie Picture Click - Martin Scorsese

Click here to take the quiz!

General Stats

  • This quiz has been taken 3,659 times
  • The average score is 14 of 20

Answer Stats

HintAnswer% Correct
The Wolf of Wall Street
93%
The Last Temptation of Christ
89%
Casino
85%
Raging Bull
81%
Shutter Island
80%
Taxi Driver
79%
The Aviator
76%
Gangs of New York
74%
Goodfellas
74%
The King of Comedy
70%
Hugo
69%
The Irishman
65%
The Departed
63%
Cape Fear
62%
The Age of Innocence
56%
Bringing out the Dead
52%
The Color of Money
52%
Kundun
49%
Mean Streets
43%
Silence
40%

Score Distribution

Percentile by Number Answered

Percent of People with Each Score

Your Score History

You have not taken this quiz